000
00332nam a2200145Ia 4500
100
_a
Christensen/Jane
650
_a
Carpentery
942
_c
BK
654
_a
Wood Processing
245
_a
Wood Processing simplified
260
_b
Prentice Hall of India
_a
New Delhi
_c
1986
082
_a
651.8
300
_a
120
546
_a
ENGLISH
999
_c
34840
_d
34840